|
|
|
|
| LEADER |
00000nab a2200000 a 4500 |
| 001 |
vtls000097321 |
| 003 |
SK-MaSNL |
| 005 |
20260303220409.0 |
| 008 |
111104c1981 xo 0 slo |
| 015 |
|
|
|a SNBRB19rr/mm-uuuuu
|
| 035 |
|
|
|a CL0107424
|
| 040 |
|
|
|a SNKBUCL
|b slo
|c SNKBUCL
|e AACR2
|
| 041 |
0 |
|
|a slo
|
| 044 |
|
|
|a xo
|c SK
|
| 080 |
|
|
|a 82.09:885.4-1(048)
|2 1981
|
| 080 |
|
|
|a 885.4-1(048)
|2 1981
|
| 245 |
0 |
0 |
|a Daniela Hivešová, Priveľa miesta
|
| 300 |
|
|
|b Literárna príloha Smeny, č. 28, s. 8.
|
| 500 |
|
|
|a Pod spoločným názvom Vyšla im kniha
|
| 650 |
0 |
7 |
|a slovenská poézia
|2 snkbucl
|9 215422
|
| 655 |
|
7 |
|a recenzie
|2 snkbucl
|9 21907
|
| 655 |
|
7 |
|a články z odboru literárna veda a krásna literatúra
|2 snkbucl
|9 770045
|
| 655 |
|
7 |
|a články z novín a časopisov
|2 snkbucl
|9 267496
|
| 773 |
0 |
|
|t Smena
|g Roč. 32, č. 150 (27. 6. 1981)
|
| 787 |
0 |
8 |
|i Rec.:
|a Hivešová, Daniela
|t Priveľa miesta
|d Bratislava : Smena, 1981
|
| 850 |
|
|
|a Slovenská národná knižnica v Martine
|a MTA001
|
| 852 |
|
|
|a SNK
|b KIS3GCP
|
| 958 |
|
|
|a RK
|
| 958 |
|
|
|a LX
|
| 992 |
|
|
|a RBX
|
| 999 |
|
|
|c 2227021
|d 2228951
|